1586 1120 1389 1054 1663 1701 1391 1148 1403 1933 1861 1060 1182 1322 1990 1740 1094 1802 1082 1329 1248 1548 1054 1562 1280 1983 1410 1453 1383 1498 1141 1947 1099 1719 1604 1928 1079 1491 1173 1592 1547 1594 1618 1550 1822 1372 1287 1198 1066 1569 1966 1523 1973 1178 1067 1599 1345 1572 1240 1963 1170 1024 1653 1844 1139 1391 1909 1150 1930 1027 1099 1612 1820 1406 1305 1122 1704 1933 1369 1077 1189 1615 1383 1980 1093 1309 1633 1637 1103 1514 1412 1885 1783 1472 1595 1662 1017 1882 1041 BCNSPRNW ULIB Ver.6.0+V

เปลี่ยนเป็นภาษาไทย

Change to English
 แสดงรายละเอียดบรรณานุกรม
  กลับหน้าหลัก

Brief Record : Get Marc (ISO 2709) : E-mail record : QR code < ปิดหน้าต่าง
LEADER : 00000nam 2200000uu 4500
001    13399124257
003     ULIB
008    150216s2557||||th 000 0 tha d
020    ^a9789740332459
060 04 ^aWE883^bธ582ก
100 0  ^aธิดารัตน์ อร่ามวัฒนชัย
245 10 ^aกายภาพบำบัดในข้อเท้าและเท้า /^cธิดารัตน์ อร่ามวัฒนชัย
250    ^aพิมพ์ครั้งที่ 1
260    ^aกรุงเทพฯ :^bแห่งจุฬาลงกรณ์มหาวิทยาลัย,^c2557.
300    ^a271 หน้า :^bภาพประกอบ ;^c24 ซม.
650  4 ^aข้อเท้า^xโรค^vกายภาพบำบัด
650  4 ^aเท้า^xโรค^vกายภาพบำบัด
710 2  ^aจุฬาลงกรณ์มหาวิทยาลัย
945    ^p395^l0^i039142
945    ^p395^l0^i039143
945    ^p395^l0^i039144
999    ^aทศพร
รายการนี้ยังไม่มีแท็ก
คุณยังไม่ได้ล็อกอิน คุณสามารถมีกิจกรรมร่วมกับเว็บไซต์ได้ แต่ต้องล็อกอินก่อน ::
  ล็อกอิน

รายการสื่อสารสนเทศ

ลำดับที่ ประเภท เลขเรียก/บาร์โค้ด สถานที่ สถานะ
1. วิทยาศาสตร์การแพทย์ และสุขภาพ
วิทยาศาสตร์การแพทย์ และสุขภาพ
สถานะ=หนังสือเก่า
WE883 ธ582ก ฉ.1 
  Barcode: 039142
ห้องสมุดวิทยาเขตสวรรค์ประชารักษ์
►ส่วนจัดเก็บหนังสือเก่า สปร
บนชั้น
  ขอยืม
2. วิทยาศาสตร์การแพทย์ และสุขภาพ
วิทยาศาสตร์การแพทย์ และสุขภาพ
สถานะ=หนังสือเก่า
WE883 ธ582ก ฉ.2 
  Barcode: 039143
ห้องสมุดวิทยาเขตสวรรค์ประชารักษ์
►ส่วนจัดเก็บหนังสือเก่า สปร
บนชั้น
  ขอยืม
3. วิทยาศาสตร์การแพทย์ และสุขภาพ
วิทยาศาสตร์การแพทย์ และสุขภาพ
สถานะ=หนังสือเก่า
WE883 ธ582ก ฉ.3 
  Barcode: 039144
ห้องสมุดวิทยาเขตสวรรค์ประชารักษ์
►ส่วนจัดเก็บหนังสือเก่า สปร
บนชั้น
  ขอยืม

รายการใกล้เคียง
    ผู้แต่ง [ธิดารัตน์ อร่ามวัฒนชัย]

BibComment


ยังไม่เคยถูกคอมเมนท์

คอมเมนท์ทรัพยากรรายการนี้
  คอมเมนท์: กายภาพบำบัดในข้อ..


 Copyright 2026. Bcnsprnw @Library